| 000 | 00793nam a2200277 a 4500 | ||
|---|---|---|---|
| 001 | 40673 | ||
| 003 | BD-RjUL | ||
| 005 | 20211209053249.0 | ||
| 008 | 160508s1995 bg ||||| |||| 001 0 eng d | ||
| 020 |
_a0304328405 _c: 75.00 |
||
| 020 | _a0304328421 | ||
| 035 | _a(BD-RjUL)40788 | ||
| 040 |
_aBD-RjUL _beng _cBD-RjUL |
||
| 041 | _aeng | ||
| 082 |
_223 _a320.85 _bBOF 1995 |
||
| 100 |
_aBookchin, Murray. _9125132 |
||
| 245 |
_aFrom Urbanization to Cities : _btoward a new politics of citizenship / _cMurray Bookchin. |
||
| 250 | _aRev. ed. | ||
| 260 |
_aLondon : _bCassel, _cc1995. |
||
| 300 |
_a279 p. ; _c23 cm. |
||
| 500 | _aIncludes index | ||
| 650 |
_aUrbanization _9125133 |
||
| 650 |
_aSocial ecology. _9125179 |
||
| 650 |
_aPolitical participation. _9125180 |
||
| 942 |
_2ddc _cBK |
||
| 999 |
_c40673 _d40673 |
||